The Boston Tea Party / (Record no. 1967)

MARC details
000 -LEADER
fixed length control field 01233cam a2200289 a 4500
001 - CONTROL NUMBER
control field 1967
003 - CONTROL NUMBER IDENTIFIER
control field FISKH
005 - DATE AND TIME OF LATEST TRANSACTION
control field 20260106120408.0
008 - FIXED-LENGTH DATA ELEMENTS--GENERAL INFORMATION
fixed length control field 100712s2012 nyua j b 001 0 eng
010 ## - LIBRARY OF CONGRESS CONTROL NUMBER
LC control number 2010028726
020 ## - INTERNATIONAL STANDARD BOOK NUMBER
International Standard Book Number 9780545536776
040 ## - CATALOGING SOURCE
Original cataloging agency DLC
Transcribing agency DLC
Modifying agency DLC
Language of cataloging eng
043 ## - GEOGRAPHIC AREA CODE
Geographic area code n-us-ma
050 00 - LIBRARY OF CONGRESS CALL NUMBER
Classification number E215.7
Item number .F74 2012
082 00 - DEWEY DECIMAL CLASSIFICATION NUMBER
Classification number 973.3/115
Edition number 22
100 1# - MAIN ENTRY--PERSONAL NAME
Personal name Freedman, Russell.
245 14 - TITLE STATEMENT
Title The Boston Tea Party /
Statement of responsibility, etc. by Russell Freeman ; illustrated by Peter Malone.
260 ## - PUBLICATION, DISTRIBUTION, ETC.
Place of publication, distribution, etc. New York :
Name of publisher, distributor, etc. Scholastic,
Date of publication, distribution, etc. 2012.
300 ## - PHYSICAL DESCRIPTION
Extent 39 pages :
Other physical details color illustrations;
Dimensions 28 cm
520 ## - SUMMARY, ETC.
Summary, etc. Tells the story of the Boston Tea Party of 1773 from the arrival of the ships full of controversial taxed tea in Boston Harbor, through the explosive protest meetings at the Old South Church, to the defiant act of dumping 226 chests of fine tea into the harbor on December 16.
521 8# - TARGET AUDIENCE NOTE
Target audience note 1130 <br/>
Source Lexile NC<br/>
650 #0 - SUBJECT ADDED ENTRY--TOPICAL TERM
Topical term or geographic name entry element Boston Tea Party, Boston, Mass., 1773
Form subdivision Juvenile literature.
700 1# - ADDED ENTRY--PERSONAL NAME
Personal name Malone, Peter,
Dates associated with a name 1953-
Relator term illustrator
906 ## - LOCAL DATA ELEMENT F, LDF (RLIN)
a 7
b cbc
c orignew
d 1
e ecip
f 20
g y-gencatlg
942 ## - ADDED ENTRY ELEMENTS (KOHA)
Source of classification or shelving scheme Dewey Decimal Classification
Koha item type Books
Suppress in OPAC No
Holdings
Withdrawn status Lost status Source of classification or shelving scheme Damaged status Not for loan Collection Home library Current library Shelving location Date acquired Total Checkouts Full call number Barcode Date last seen Copy number Price effective from Koha item type
    Dewey Decimal Classification     Non-Fiction Footprints International School Library Network Toul Kork Campus Footprints International School Library Network Toul Kork Campus   10/23/2023   FRE 973.3 E215.F74 FISTK04816 10/23/2023 1 10/23/2023 Books
    Dewey Decimal Classification     Non-Fiction Footprints International School Library Network Toul Tom Poung Campus Footprints International School Library Network Toul Tom Poung Campus TTP Secondary Non-Fiction Bookshelves 01/06/2026   FRE 973.3 E215.F74 FISSE02176 01/06/2026 2 01/06/2026 Books